000 00506nam a22001697a 4500
005 20251108171250.0
008 250721s1994 xx 000 0 ara d
082 1 4 _a956.62/حسن
100 1 _aأبو طالب، حسن
245 1 0 _aالوحدة اليمنيه :
_bدراسات في عمليات التحول /
264 1 _aبيروت :
_bمركز الوحدة العربية،
_c1994.
300 _a409ص
650 1 7 _aاليمن
650 1 7 _aالتاريخ
942 _2ddc
_cBK
999 _c60837
_d60837